| 000 | 00644nam a2200205Ia 4500 | ||
|---|---|---|---|
| 003 | OSt | ||
| 005 | 20240802091506.0 | ||
| 008 | 210210b1985 xxu||||| |||| 00| 0 eng d | ||
| 040 | _cAL | ||
| 041 | _akan | ||
| 082 | _aK894.8 TALS | ||
| 100 |
_aTALTAJE VASANTA KUMARA: ತಾಳ್ತಜೆ ವಸಂತ ಕುಮಾರ _9174821 |
||
| 245 |
_aSarasa: _bಸರಸ |
||
| 260 |
_aBengaluru _bChirasahitya prakashana _c1985 |
||
| 300 | _a129 | ||
| 650 |
_aDakshina kannada mangaluru tegale bowdha sahitya chikaveerarajendra inamdar chitralekha urvashi _9174822 |
||
| 690 |
_aKannada Miscellaneous _9174823 |
||
| 906 | _a037283 | ||
| 942 |
_2ddc _cBK |
||
| 999 |
_c87863 _d87863 |
||